|
|
|
|
| LEADER |
01044nam a2200253 a 4500 |
| 001 |
15680276 |
| 008 |
101005s2009 njua b 001 0 eng d |
| 010 |
|
|
|a 2009012766
|
| 020 |
|
|
|a 9788131708323 (pbk.)
|
| 040 |
|
|
|a DLC
|c DLC
|d DLC
|d DB-DhAAL
|
| 082 |
0 |
0 |
|a 005.8/2
|2 22
|
| 100 |
1 |
|
|a Das, Abhijit,
|d 1968-
|
| 245 |
1 |
0 |
|a Public-key cryptography :
|b theory and practice /
|c Abhijit Das, C. E. Veni Madhavan.
|
| 260 |
|
|
|a Upper Saddle River :
|b Pearson Education,
|c c2009.
|
| 300 |
|
|
|a xxii, 562 p. :
|b ill. ;
|c 25 cm.
|
| 504 |
|
|
|a Includes bibliographical references (p. 531-546) and index.
|
| 541 |
1 |
|
|e 00021214
|
| 650 |
|
0 |
|a Public key cryptography.
|
| 650 |
|
0 |
|a Telecommunication
|x Security measures
|x Mathematics.
|
| 650 |
|
0 |
|a Computers
|x Access control
|x Mathematics.
|
| 700 |
1 |
|
|a Madhavan, C. E. Veni.
|
| 852 |
4 |
|
|a Ayesha Abed Library
|j General Shelf.
|
| 999 |
|
|
|c 9664
|d 9664
|
| 952 |
|
|
|0 0
|1 0
|2 ddc
|4 0
|6 005_820000000000000_DAS_2009
|7 0
|9 12287
|a BRACUL
|b BRACUL
|c GEN
|d 2010-10-06
|l 3
|m 18
|o 005.82 DAS
|p 3010021214
|r 2025-08-26
|s 2024-06-05
|t 1
|w 2010-10-06
|y BK
|